[Event "AUTO-OPEN-2041"]
[Site "http://www.queenalice.com/game.php?id=803702"]
[Date "2010.7.15"]
[Round "1"]
[White "chessman"]
[Black "breizhil"]
[Result "0-1"]
[WhiteElo "1975"]
[BlackElo "1928"]

1. e4 c5 2. Nf3 e6 3. d4 cxd4 4. Nxd4 Qb6 5. Nc3 Bc5 6. Na4 Qd6 7. Nxc5 Qxc5 8.
Nb3 Qb4+ 9. c3 Qxe4+ 10. Qe2 Qf5 11. Be3 b6 12. O-O-O Nf6 13. h3 Bb7 14. g4 Qf3
15. Rg1 Qxe2 16. Bxe2 O-O 17. Nd4 d5 18. g5 Ne8 19. h4 e5 20. Nf5 Nd7 21. h5 Kh8
22. Rg3 Rd8 23. Ne7 Nc5 24. g6 fxg6 25. hxg6 h6 26. Rh1 d4 27. Rxh6+ gxh6 28.
g7+ Nxg7 29. Ng6+ Kh7 30. Nxf8+ Rxf8 31. cxd4 Nf5 32. Rh3 exd4 0-1

[Event "AUTO-OPEN-2041"]
[Site "http://www.queenalice.com/game.php?id=803703"]
[Date "2010.7.15"]
[Round "1"]
[White "breizhil"]
[Black "chessman"]
[Result "0-1"]
[WhiteElo "1942"]
[BlackElo "1951"]

1. e4 e6 2. d4 d5 3. Nc3 Nf6 4. e5 Nfd7 5. Qg4 c5 6. Nb5 a6 7. Nd6+ Bxd6 8. Qxg7
Bxe5 9. dxe5 Rf8 10. Bh6 Qh4 11. O-O-O Nxe5 12. Qxh7 Ng6 13. Qg7 Rh8 14. Be3 d4
15. Bd3 Qh7 16. Qxh7 Rxh7 17. Bxg6 fxg6 18. Bf4 Nc6 19. Nf3 Rf7 20. Bd6 b6 21.
Rd2 Bd7 22. h4 O-O-O 23. Ng5 Rf6 24. Re2 e5 25. Bxe5 Nxe5 26. Rxe5 Rxf2 27. Rg1
Rdf8 28. Nf3 Bf5 29. Nd2 Kd7 30. g4 Be6 31. b3 Rh2 32. h5 gxh5 33. gxh5 Rff2 34.
Rd1 Bg4 35. Rg1 Rxd2 36. Rxg4 Rxc2+ 37. Kb1 Rb2+ 38. Ka1 Rxa2+ 39. Kb1 Rhb2+ 40.
Kc1 Rg2 41. Rxg2 Rxg2 42. Kd1 Rh2 43. Rg5 Kc6 44. Rg6+ Kb5 45. h6 Ka5 46. Ke1
Kb5 47. Kf1 d3 48. Kg1 d2 49. Rd6 d1=Q+ 50. Rxd1 Rxh6 51. Kg2 a5 52. Rd3 a4 53.
bxa4+ Kxa4 54. Kf2 Kb5 55. Ke2 Kc6 56. Rc3 Rd6 57. Ke3 b5 58. Ke4 c4 59. Ra3 Kc5
60. Ra7 Kb4 61. Rc7 c3 62. Ke3 Kb3 63. Rh7 b4 64. Rh1 c2 65. Ke2 Kb2 66. Rh2 Kb1
67. Rh1+ c1=Q 68. Rxc1+ Kxc1 0-1

[Event "AUTO-OPEN-2066"]
[Site "http://www.queenalice.com/game.php?id=814677"]
[Date "2010.8.7"]
[Round "1"]
[White "jinkosya"]
[Black "breizhil"]
[Result "0-1"]
[WhiteElo "1370"]
[BlackElo "1928"]

1. e4 d5 2. e5 Nc6 3. Nf3 Bg4 4. d4 Bxf3 5. Qxf3 Nxd4 6. Qc3 Nc6 7. Bb5 Qd7 8.
O-O a6 9. Ba4 b5 10. Bb3 e6 11. Be3 b4 12. Qd3 Nxe5 13. Qd4 Nc6 14. Qh4 Na5 15.
Qg3 Nxb3 16. axb3 d4 17. Bf4 Ne7 18. Qf3 Ra7 19. c3 c5 20. c4 a5 21. Qg3 Nf5 22.
Qf3 Bd6 23. Nd2 O-O 24. g3 Bxf4 25. Qxf4 Rd8 26. Nf3 f6 27. g4 Ne7 28. h4 e5 29.
Qg3 Kh8 30. g5 Rg8 31. g6 Nxg6 32. h5 Nf4 33. Rae1 d3 34. Rd1 Ne2+ 35. Kg2 Nxg3
36. Kxg3 g5 37. h6 Qf5 38. Kg2 Qg4+ 39. Kh1 Qxf3+ 40. Kh2 Rg6 41. Rh1 Rxh6+ 0-1

[Event "AUTO-OPEN-2066"]
[Site "http://www.queenalice.com/game.php?id=814678"]
[Date "2010.8.7"]
[Round "1"]
[White "breizhil"]
[Black "jinkosya"]
[Result "1-0"]
[WhiteElo "1899"]
[BlackElo "1267"]

1. e4 e5 2. Nf3 Nc6 3. Bb5 Nb4 4. Nc3 c6 5. a3 cxb5 6. axb4 Bxb4 7. Nxb5 Nf6 8.
Qe2 d5 9. exd5 Nxd5 10. Qxe5+ Be6 11. O-O O-O 12. c4 f6 13. Qg3 a6 14. cxd5 Bd7
15. Nc7 Bd6 16. Qxd6 Rc8 17. Ne6 Qe8 18. Re1 Rc6 19. dxc6 Bxe6 20. Qxe6+ Qxe6
21. Rxe6 b5 22. Rxa6 g6 23. Re7 Rf7 24. Rxf7 Kxf7 25. c7 h5 26. c8=Q g5 27. Qe6+
Kg7 28. Qxf6+ Kh7 29. Ra7+ 1-0

[Event "AUTO-OPEN-2066"]
[Site "http://www.queenalice.com/game.php?id=814697"]
[Date "2010.8.7"]
[Round "1"]
[White "julioisdi"]
[Black "breizhil"]
[Result "0-1"]
[WhiteElo "1710"]
[BlackElo "1920"]

1. e4 e5 2. Nf3 Nc6 3. Bb5 Nf6 4. Bxc6 bxc6 5. Nxe5 Qe7 6. d4 c5 7. c3 cxd4 8.
cxd4 Qb4+ 9. Nc3 Bd6 10. O-O O-O 11. Re1 c5 12. Nf3 Bb8 13. e5 Ne8 14. Qd3 h6
15. Qe4 Nc7 16. Nd5 Nxd5 17. Qxd5 Bb7 18. Qxd7 Bxf3 19. Be3 Bh5 20. e6 fxe6 21.
dxc5 Bf7 22. Bd4 a5 23. c6 Bf4 24. Bc3 Qc4 25. Red1 Rfc8 26. Rd4 Qxc6 27. Qxc6
Rxc6 28. Rxf4 a4 29. h3 a3 30. Rb4 Rc5 31. bxa3 Rxc3 0-1

[Event "AUTO-OPEN-2066"]
[Site "http://www.queenalice.com/game.php?id=814698"]
[Date "2010.8.7"]
[Round "1"]
[White "breizhil"]
[Black "julioisdi"]
[Result "0-1"]
[WhiteElo "1926"]
[BlackElo "1654"]

1. e4 e5 2. Nf3 d6 3. Bc4 Bg4 4. Nc3 a6 5. h3 Bh5 6. d3 Nc6 7. g4 Bg6 8. Bg5 Be7
9. Bxe7 Ngxe7 10. Nh4 b5 11. Bb3 Nd4 12. Nxg6 Nxg6 13. Qd2 Nf3+ 14. Ke2 Nxd2 15.
Kxd2 Qg5+ 16. Kd1 Qf4 17. Nd5 Qf3+ 18. Kd2 Qxf2+ 19. Kc3 O-O 20. Raf1 b4+ 21.
Kxb4 Qd4+ 22. Ka3 c6 23. Nb4 a5 24. Bxf7+ Rxf7 25. Rxf7 Qxb4# 0-1

[Event "AUTO-OPEN-1764"]
[Site "http://www.queenalice.com/game.php?id=815241"]
[Date "2010.8.8"]
[Round "3"]
[White "merth"]
[Black "breizhil"]
[Result "1-0"]
[WhiteElo "2367"]
[BlackElo "1946"]

1. e4 e6 2. Nf3 c5 3. Nc3 a6 4. d4 cxd4 5. Nxd4 Qc7 6. Qf3 Nf6 7. Nb3 Bd6 8. Bd3
Nc6 9. Qh3 b5 10. O-O h6 11. f4 e5 12. f5 Bb7 13. Bg5 O-O-O 14. Bxf6 gxf6 15.
Nd5 Qb8 16. a4 Nd4 17. Nxf6 Nxb3 18. cxb3 b4 19. Rac1+ Bc7 20. Qe3 a5 21. Rf2
Bc6 22. Ba6+ Bb7 23. Nd5 Rdg8 24. Qb6 Bxa6 25. Rxc7+ 1-0

[Event "AUTO-OPEN-1764"]
[Site "http://www.queenalice.com/game.php?id=815242"]
[Date "2010.8.8"]
[Round "3"]
[White "breizhil"]
[Black "merth"]
[Result "0-1"]
[WhiteElo "1944"]
[BlackElo "2376"]

1. e4 c5 2. Nc3 Nc6 3. g3 Nf6 4. Bg2 g6 5. Nge2 Bg7 6. O-O O-O 7. d4 cxd4 8.
Nxd4 d6 9. Nde2 Bd7 10. a3 Ne5 11. Rb1 Rc8 12. b3 Qa5 13. Bb2 Rfe8 14. a4 Qb4
15. Re1 Qc5 16. h3 a6 17. Kh2 Nfg4+ 18. hxg4 Nxg4+ 19. Kg1 Qxf2+ 20. Kh1 Ne3 21.
Rg1 Nxd1 22. Nf4 Nxc3 23. Bxc3 Rxc3 24. Rgf1 Qxg3 25. Rb2 Qh4+ 26. Kg1 Bd4+ 0-1

[Event "Challenge"]
[Site "http://www.queenalice.com/game.php?id=867614"]
[Date "2010.12.4"]
[Round "-"]
[White "filomenos"]
[Black "breizhil"]
[Result "1-0"]
[WhiteElo "1982"]
[BlackElo "1937"]

1. d4 d5 2. g3 Nc6 3. Bg2 Nf6 4. Nf3 Bf5 5. c3 e6 6. Bg5 Be7 7. Nbd2 O-O 8. O-O
b5 9. Nb3 Ne4 10. Bxe7 Qxe7 11. Nbd2 a5 12. Nxe4 Bxe4 13. Re1 b4 14. Nd2 Bxg2
15. Kxg2 Rab8 16. e4 e5 17. exd5 Nd8 18. dxe5 c5 19. c4 Nb7 20. Qf3 Rfe8 21. Qe3
a4 22. b3 Ra8 23. d6 Qe6 24. f4 f6 25. Qf3 Reb8 26. Qd3 axb3 27. axb3 Rxa1 28.
Rxa1 fxe5 29. fxe5 Qxe5 30. Ra6 Rd8 31. d7 Qc7 32. Qd5+ Kh8 33. Re6 h6 34. Qe4
Qxd7 35. Nf3 Qd1 36. Re8+ Rxe8 37. Qxe8+ Kh7 38. Qe4+ Kg8 39. Qxb7 Qxb3 40. Qc8+
Kh7 41. Qf5+ Kg8 42. Qxc5 Qc2+ 43. Kh3 b3 44. Nd4 Qc3 45. Qd5+ Kh8 46. Nxb3 Qxb3
47. Qe6 Kh7 48. Qf5+ Kg8 49. c5 Qc4 50. Qc8+ Kf7 51. Qd7+ Kf6 52. c6 Qe6+ 53.
Qxe6+ Kxe6 54. Kg4 g6 55. Kf4 g5+ 56. Kg4 Ke7 57. Kf5 Kd6 58. Kg6 Kxc6 59. Kxh6
g4 60. Kg5 Kd6 61. Kxg4 Ke6 62. Kg5 Kf7 63. h4 Kg7 64. h5 Kh7 65. Kf6 Kh6 66. g4
Kh7 67. g5 Kh8 68. g6 1-0

[Event "Challenge"]
[Site "http://www.queenalice.com/game.php?id=867615"]
[Date "2010.12.4"]
[Round "-"]
[White "breizhil"]
[Black "filomenos"]
[Result "1-0"]
[WhiteElo "1929"]
[BlackElo "1979"]

1. e4 d5 2. exd5 Qxd5 3. Nc3 Qe6+ 4. Be2 g6 5. Nf3 Bg7 6. Nb5 Qd7 7. d4 c6 8.
Na3 Nf6 9. O-O O-O 10. Ne5 Qd8 11. c3 Nbd7 12. Nac4 Nxe5 13. Nxe5 Bf5 14. Bc4
Nd7 15. Nxf7 Rxf7 16. Bxf7+ Kxf7 17. Qb3+ e6 18. Qxb7 Be4 19. Qb4 Kg8 20. Re1
Bf5 21. Qc4 Qc7 22. h3 Nb6 23. Qe2 Nd5 24. g4 Bxg4 25. Qxg4 e5 26. Rb1 exd4 27.
c4 Nb6 28. b3 Rf8 29. Bb2 c5 30. a3 Qc6 31. Qe6+ Qxe6 32. Rxe6 Nd7 33. Kg2 Ne5
34. b4 Nd3 35. Re2 Nf4+ 36. Kf3 Nxe2+ 37. Kxe2 Rc8 38. Kd3 cxb4 39. axb4 Rd8 40.
Rc1 h5 41. c5 Kf7 42. Rc4 g5 43. Bxd4 Ke6 44. Ke4 Bf8 45. c6 h4 46. c7 Rc8 47.
Bxa7 Bd6 48. Bb6 Kd7 49. Kf5 Be7 50. Ba5 Bd6 51. Kxg5 Bxc7 52. Bxc7 Rxc7 53.
Rxc7+ Kxc7 54. Kxh4 1-0

[Event "AUTO-OPEN-2066"]
[Site "http://www.queenalice.com/game.php?id=884874"]
[Date "2011.1.12"]
[Round "2"]
[White "koshnarek"]
[Black "breizhil"]
[Result "1/2-1/2"]
[WhiteElo "1699"]
[BlackElo "1947"]

1. e4 c5 2. d4 cxd4 3. Qxd4 Nc6 4. Qc3 e5 5. a3 Nf6 6. Bd3 d5 7. exd5 Qxd5 8. f3
Be6 9. Be3 Be7 10. Ne2 O-O 11. Nd2 Rfc8 12. Bc4 Qd6 13. Bxe6 Qxe6 14. Ne4 Nd4
15. Nxd4 exd4 16. Qxd4 Rxc2 17. O-O h6 18. Nxf6+ Bxf6 19. Qe4 Qc8 20. Rac1 Rxc1
21. Rxc1 Qb8 22. Rc2 a6 23. b4 b5 24. Bc5 a5 25. g4 axb4 26. axb4 Qd8 27. Kg2
Qb8 28. f4 Bh4 29. Bf2 Bxf2 30. Kxf2 Ra3 31. Qe5 Qxe5 32. fxe5 Rb3 33. h4 Rxb4
34. Kg3 g6 35. h5 Rb3+ 36. Kf4 g5+ 37. Kf5 b4 38. Rc4 Kg7 39. e6 Rf3+ 40. Ke5
fxe6 41. Rxb4 Rf4 42. Rxf4 gxf4 43. Kxf4 Kf6 44. Ke4 e5 45. Ke3 Kg5 46. Ke4 Kf6
47. Ke3 Ke6 48. Ke4 Kf6 1/2-1/2

[Event "AUTO-OPEN-2066"]
[Site "http://www.queenalice.com/game.php?id=884875"]
[Date "2011.1.12"]
[Round "2"]
[White "breizhil"]
[Black "koshnarek"]
[Result "1-0"]
[WhiteElo "1923"]
[BlackElo "1709"]

1. e4 e5 2. Nf3 d6 3. Bc4 Nh6 4. d3 Bd7 5. Bxh6 gxh6 6. O-O b5 7. Bb3 Nc6 8. Bd5
Rb8 9. c3 Ne7 10. Bb3 a5 11. Bd5 Nxd5 12. exd5 f6 13. Re1 c5 14. dxc6 Bxc6 15.
a3 a4 16. Nbd2 f5 17. b3 Bg7 18. Rc1 Bd5 19. c4 Bxf3 20. Qxf3 axb3 21. Qxf5 Qf6
22. Qe4 b2 23. Rb1 bxc4 24. Nxc4 Qg6 25. Qc6+ Kd8 26. Nxb2 Ke7 27. a4 Rhc8 28.
Qd5 Qe6 29. Qe4 Qg6 30. Qe2 Ke6 31. Nc4 Rxb1 32. Rxb1 Rc7 33. Rb6 Bf8 34. h3 h5
35. Nxe5 Rc1+ 36. Kh2 Qf5 37. Ng6+ Kd7 38. Nxf8+ Qxf8 39. Rb7+ Kc6 40. Qe4+ d5
41. Qe3 Qd6+ 42. g3 Rc5 43. Rxh7 Ra5 44. Rh6 Rxa4 45. Rxd6+ Kxd6 46. Qh6+ Kc5
47. Qxh5 Ra2 48. Kg2 Rd2 49. Qf3 Kd4 50. Qe3+ Kc3 51. d4+ Rd3 52. Qe5 Rxd4 53.
h4 Kc4 54. h5 Re4 55. Qf5 Re2 56. h6 d4 57. h7 Re8 58. Qf7+ 1-0

[Event "AUTO-OPEN-2255"]
[Site "http://www.queenalice.com/game.php?id=896610"]
[Date "2011.2.6"]
[Round "1"]
[White "luizpessoa"]
[Black "breizhil"]
[Result "1/2-1/2"]
[WhiteElo "1811"]
[BlackElo "1871"]

1. d4 d5 2. g3 Nc6 3. Bf4 e6 4. Nc3 Bb4 5. Nf3 Bxc3+ 6. bxc3 Nf6 7. Ne5 Bd7 8.
e3 a6 9. Bd3 O-O 10. Bg5 Nb8 11. Qf3 Be8 12. h4 b6 13. Bxf6 Qxf6 14. Qxf6 gxf6
15. Ng4 Kg7 16. h5 h6 17. Nh2 c5 18. dxc5 bxc5 19. c4 d4 20. e4 Bc6 21. f3 Re8
22. Rg1 Nd7 23. Kf2 e5 24. Rge1 Rab8 25. Rab1 Rxb1 26. Rxb1 f5 27. exf5 e4 28.
fxe4 Bxe4 29. Bxe4 Rxe4 30. Re1 Rxe1 31. Kxe1 Ne5 32. g4 Kf6 33. Kf2 d3 34. cxd3
Nxd3+ 35. Ke3 Ne5 36. Ke4 Nxc4 37. Kd5 Ne3+ 38. Kxc5 Kg5 39. Kb6 Nxg4 40. Nxg4
Kxg4 41. a4 Kxf5 42. Kxa6 Kg4 43. a5 f5 44. Kb7 f4 45. a6 f3 46. a7 f2 47. a8=Q
f1=Q 48. Qg8+ Kxh5 49. Qd5+ Kg6 50. Qg8+ Kh5 51. Qd5+ 1/2-1/2

[Event "AUTO-OPEN-2255"]
[Site "http://www.queenalice.com/game.php?id=896611"]
[Date "2011.2.6"]
[Round "1"]
[White "breizhil"]
[Black "luizpessoa"]
[Result "0-1"]
[WhiteElo "1911"]
[BlackElo "1790"]

1. e4 e5 2. Nf3 d6 3. d4 Bg4 4. Be2 Nf6 5. Nc3 Bxf3 6. Bxf3 exd4 7. Qxd4 h6 8.
Be3 Be7 9. O-O-O O-O 10. e5 dxe5 11. Qxe5 Bd6 12. Qb5 Nc6 13. Bxc6 bxc6 14. Qxc6
Ng4 15. Qf3 Nxe3 16. Qxe3 g5 17. Kb1 Rb8 18. b3 Qf6 19. Rd3 Rfe8 20. Qd2 Bb4 21.
Kb2 a5 22. a3 Bd6 23. g3 a4 24. b4 Red8 25. Qe3 c5 26. Qf3 Qxf3 27. Rxf3 cxb4
28. Nxa4 bxa3+ 29. Ka2 Rdc8 30. c3 Rc4 31. Rf6 Bf8 32. Ra6 Re4 33. f3 Re2+ 34.
Ka1 a2 35. h4 gxh4 36. g4 Bg7 37. f4 Rc8 38. Rc1 h3 39. g5 hxg5 40. fxg5 h2 41.
g6 Rg2 42. gxf7+ Kxf7 43. Rf1+ Kg8 44. Nb2 Rg1 45. Rxg1 hxg1=Q+ 46. Kxa2 Bxc3
0-1

[Event "AUTO-OPEN-2255"]
[Site "http://www.queenalice.com/game.php?id=896634"]
[Date "2011.2.6"]
[Round "1"]
[White "Dsilver"]
[Black "breizhil"]
[Result "0-1"]
[WhiteElo "1518"]
[BlackElo "1909"]

1. e3 e5 2. Qh5 Nc6 3. Bc4 d5 4. Bb3 Nf6 5. Qe2 Bf5 6. a3 a6 7. h3 Be7 8. g4 Bg6
9. Ba2 Bxc2 10. f3 Qd6 11. d4 Bxb1 12. Rxb1 O-O 13. Ra1 Rfe8 14. b4 exd4 15.
exd4 Nxd4 16. Qd3 Qg3+ 17. Kd1 c5 18. bxc5 Bxc5 19. Ne2 Nxe2 20. Bb2 Nf4 21. Qc2
Qxf3+ 22. Kd2 Re2+ 23. Kc1 Qxh1+ 24. Qd1 Be3+ 25. Kb1 Qxd1+ 0-1

[Event "AUTO-OPEN-2255"]
[Site "http://www.queenalice.com/game.php?id=896635"]
[Date "2011.2.6"]
[Round "1"]
[White "breizhil"]
[Black "Dsilver"]
[Result "1-0"]
[WhiteElo "1869"]
[BlackElo "1633"]

1. f4 e6 2. e4 g5 3. d3 a5 4. Nf3 gxf4 5. Bxf4 d6 6. Nc3 d5 7. h4 b5 8. Nxb5 c6
9. Nc7+ Kd7 10. Nxa8 Bd6 11. Be3 Bb7 12. Nb6+ Ke8 13. Na4 Nf6 14. e5 Ng4 15. Bb6
Qe7 16. exd6 Qxd6 17. Qd2 Nd7 18. O-O-O Nxb6 19. Nxb6 Qc5 20. Na4 Qa7 21. Rh3
Nf2 22. Ng5 h6 23. Rf3 Nxd1 24. Nxf7 Rh7 25. Ne5 d4 26. Qxd1 c5 27. Rf7 Rxf7 28.
Nxf7 Kxf7 29. Qh5+ Kg7 30. Nxc5 Bd5 31. Nb3 a4 32. Qg4+ Kf7 33. Nxd4 Bxa2 34.
Qf4+ Ke8 35. Ne2 Qa5 36. Nc3 Ke7 37. Qxa4 Qe5 38. Kd2 Bd5 39. Nxd5+ exd5 40. c3
Qg3 41. Qd4 h5 42. b4 Qg4 43. Qxg4 1-0

[Event "AUTO-OPEN-2255"]
[Site "http://www.queenalice.com/game.php?id=896648"]
[Date "2011.2.6"]
[Round "1"]
[White "ReiNato"]
[Black "breizhil"]
[Result "1-0"]
[WhiteElo "1798"]
[BlackElo "1930"]

1. e4 e5 2. Nf3 Nc6 3. Bc4 Bc5 4. O-O d6 5. c3 Qf6 6. Bb5 Bd7 7. b4 Bb6 8. a4 a6
9. Bxc6 Bxc6 10. d3 O-O-O 11. b5 axb5 12. axb5 Qe6 13. Ra8+ Kd7 14. bxc6+ bxc6
15. Rxd8+ Kxd8 16. Qa4 Kd7 17. Qa8 Qe7 18. Be3 Bxe3 19. fxe3 f6 20. d4 g5 21. d5
c5 22. Qc6+ Kc8 23. Nfd2 Qg7 24. Nc4 Ne7 25. Nxd6+ Kd8 26. Nb7+ Kc8 27. Qa6 Kd7
28. Nxc5+ Ke8 29. Rxf6 Ng8 30. Qc6+ Kd8 31. Ne6+ 1-0

[Event "AUTO-OPEN-2255"]
[Site "http://www.queenalice.com/game.php?id=896649"]
[Date "2011.2.6"]
[Round "1"]
[White "breizhil"]
[Black "ReiNato"]
[Result "0-1"]
[WhiteElo "1890"]
[BlackElo "1819"]

1. d4 e6 2. c4 Bb4+ 3. Bd2 Bxd2+ 4. Qxd2 Qf6 5. Nf3 Ne7 6. e4 Ng6 7. Nc3 d6 8.
O-O-O O-O 9. h4 h5 10. g4 Qxf3 11. Be2 Qf4 12. Qxf4 Nxf4 13. gxh5 Nxe2+ 14. Nxe2
e5 15. Rdg1 exd4 16. Nxd4 Bd7 17. Nf5 Bxf5 18. exf5 Nd7 19. h6 Nf6 20. h5 Kh7
21. hxg7 Rg8 22. h6 c6 23. Rg6 fxg6 24. fxg6+ Kxg6 25. Kd2 Kh7 26. Rh4 d5 27.
cxd5 Nxd5 28. f4 Rae8 29. f5 Nf6 30. Kd3 b5 31. Kd4 Re2 32. Kc5 Rxb2 33. Kxc6 a5
34. Kd6 Re2 35. Kc6 Rc8+ 36. Kxb5 Rb2+ 37. Kxa5 Ra8# 0-1

[Event "AUTO-OPEN-2066"]
[Site "http://www.queenalice.com/game.php?id=914890"]
[Date "2011.3.20"]
[Round "3"]
[White "breizhil"]
[Black "clk"]
[Result "0-1"]
[WhiteElo "1876"]
[BlackElo "1921"]

1. e4 e5 2. Nf3 Nc6 3. Bc4 h6 4. Nc3 Nf6 5. O-O Bc5 6. Re1 Ng4 7. d4 Nxd4 8.
Nxd4 exd4 9. Nd5 d6 10. h3 Ne5 11. b4 Nxc4 12. bxc5 dxc5 13. Bf4 Nd6 14. Qh5 O-O
15. c3 c6 16. e5 cxd5 17. exd6 dxc3 18. Qxd5 Qf6 19. Be5 Qg5 20. Qxc5 Bxh3 21.
g3 c2 22. Qxc2 f6 23. Bf4 Qd5 24. Qe4 Qb5 25. Rab1 Qa5 26. Qc4+ Kh8 27. Re7 Rac8
28. Qb3 b6 29. Kh2 Qh5 30. Kg1 g5 31. Be3 Qf3 0-1

[Event "AUTO-OPEN-2066"]
[Site "http://www.queenalice.com/game.php?id=914891"]
[Date "2011.3.20"]
[Round "3"]
[White "clk"]
[Black "breizhil"]
[Result "1-0"]
[WhiteElo "1943"]
[BlackElo "1862"]

1. e4 e6 2. Nf3 d5 3. e5 c5 4. b3 Nc6 5. Bb5 Bd7 6. Bxc6 Bxc6 7. d3 g6 8. Bg5
Be7 9. Qd2 f6 10. Bh6 Nxh6 11. Qxh6 Bf8 12. Qf4 f5 13. O-O d4 14. c3 Bxf3 15.
Qxf3 Rb8 16. cxd4 Qxd4 17. Nd2 Qxe5 18. Rfe1 Qf6 19. Qd5 Kf7 20. Qd7+ Be7 21.
Rac1 Rhd8 22. Qc7 Ke8 23. Nf3 h6 24. Ne5 Bd6 25. Qa5 Bxe5 26. Qxc5 a6 27. Qxe5
Qxe5 28. Rxe5 Kf7 29. Rc3 Kf6 30. Rec5 Rd4 31. R5c4 Rd5 32. Kf1 b5 33. Rc5 Rxc5
34. Rxc5 Rd8 35. Ke2 h5 36. h4 Rd4 37. g3 g5 38. Ke3 Rg4 39. hxg5+ Rxg5 40. Rc6
Rg4 41. Rxa6 f4+ 42. Kf3 Kf5 43. Ra5 Kf6 44. Rxb5 e5 45. Rc5 fxg3 46. fxg3 Kf5
47. Rc1 Rd4 48. Ke3 Kg4 49. Rg1 Rd6 50. Ke4 Rd4+ 51. Ke3 Rd6 52. b4 Rf6 53. Ke4
Rf3 54. b5 Rf2 55. Rb1 Kxg3 56. b6 Rf8 57. b7 Rb8 58. Kxe5 h4 59. Kd6 Kg2 60.
Kc7 Rxb7+ 61. Kxb7 h3 62. a4 h2 63. a5 h1=Q 64. Rxh1 Kxh1 65. a6 Kg2 66. d4 Kf3
67. d5 1-0